Стихи в жанре юэфу (Запись № 13055664)

Подробности
000 -МАРКЕР
контрольное поле 01772nam0a22004091 4500
001 - ИДЕНТИФИКАТОР ЗАПИСИ
контрольное поле RU\NLR\BIBL_A\016329348
005 - ИДЕНТИФИКАТОР ВЕРСИИ
контрольное поле 20230411114602.0
010 ## - МЕЖДУНАРОДНЫЙ СТАНДАРТНЫЙ НОМЕР КНИГИ (ISBN)
Номер (ISBN) 978-5-907584-42-6
Тираж 1000
021 ## - НОМЕР ГОСУДАРСТВЕННОЙ РЕГИСТРАЦИИ
Код страны Российская Федерация
Номер КН-П-23-011164
Номер Листа государственной регистраци КН-П-23-1097
035 ## - ДРУГИЕ СИСТЕМНЫЕ НОМЕРА
Идентификатор записи (NLR Aleph) 016329348
035 ## - ДРУГИЕ СИСТЕМНЫЕ НОМЕРА
Идентификатор записи (RuMoRGB)011607252
100 ## - ДАННЫЕ ОБЩЕЙ ОБРАБОТКИ
Данные общей обработки 20230330d2022 u y0rusy50 ca
101 1# - ЯЗЫК РЕСУРСА
Язык текста, звукозаписи и т.д. китайский
102 ## - СТРАНА ПУБЛИКАЦИИ ИЛИ ПРОИЗВОДСТВА
Страна публикации Российская Федерация
105 ## - ПОЛЕ КОДИРОВАННЫХ ДАННЫХ: ТЕКСТОВЫЕ МАТЕРИАЛЫ, МОНОГРАФИЧЕСКИЕ
Кодированные данные о монографическом текстовом документе y 000|y
181 #1 - ПОЛЕ КОДИРОВАННЫХ ДАННЫХ: ВИД СОДЕРЖАНИЯ
Код вида содержания (ISBD) i
Код характеристики содержания (ISBD) e
182 #1 - ПОЛЕ КОДИРОВАННЫХ ДАННЫХ: ТИП СРЕДСТВА
Код типа средства (ISBD) n - непосредственное
200 1# - ЗАГЛАВИЕ И СВЕДЕНИЯ ОБ ОТВЕТСТВЕННОСТИ
Основное заглавие Стихи в жанре юэфу
Параллельное заглавие 乐府诗集
Сведения, относящиеся к заглавию прописи по каллиграфии
Первые сведения об ответственности Тянь Инчжан
Язык параллельного заглавия китайский
Сведения, относящиеся к заглавию [для изучающих китайский язык]
203 ## - ВИД СОДЕРЖАНИЯ И ТИП СРЕДСТВА
Вид содержания Текст
Дополнительные сведения об издании визуальный
Тип средства непосредственный
210 ## - ПУБЛИКАЦИЯ, РАСПРОСТРАНЕНИЕ И ДР.
Место издания, распространения и т.д. Москва
Имя издателя, распространителя и т. д. Шанс
Дата издания, распространения и т.д. 2022
Место изготовления Волгоград
215 ## - ФИЗИЧЕСКАЯ ХАРАКТЕРИСТИКА
Специфическое обозначение материала и объем 72 с.
Размеры 28 см
300 ## - ОБЩИЕ ПРИМЕЧАНИЯ
Текст примечания Кит
300 ## - ОБЩИЕ ПРИМЕЧАНИЯ
Текст примечания Загл. также кит.: 乐府诗集 / 田英章 [著]
330 ## - РЕЗЮМЕ ИЛИ РЕФЕРАТ
Текст примечания В серию прописей вошли фрагменты канонов и других классических произведений. Пособие поможет не только запомнить иероглифы и обогатить словарный запас, но и познакомит с выдающимися образцами китайской литературы
333 ## - ПРИМЕЧАНИЯ ОБ ОСОБЕННОСТЯХ РАСПРОСТРАНЕНИЯ И ИСПОЛЬЗОВАНИЯ
Текст примечания 0+
606 ## - НАИМЕНОВАНИЕ ТЕМЫ КАК ПРЕДМЕТ
Наименование темы Иероглифы китайские
Код системы RuMoRGB
606 ## - НАИМЕНОВАНИЕ ТЕМЫ КАК ПРЕДМЕТ
Наименование темы Китайский язык
Тематический подзаголовок Прописи
Код системы RuMoRGB
675 ## - УНИВЕРСАЛЬНАЯ ДЕСЯТИЧНАЯ КЛАССИФИКАЦИЯ (UDC/УДК)
Индекс 811.581(075)
Издание 4
686 ## - ИНДЕКСЫ ДРУГИХ КЛАССИФИКАЦИЙ
Индекс 81.711я7
Код системы
700 #1 - ИМЯ ЛИЦА - ПЕРВИЧНАЯ ОТВЕТСТВЕННОСТЬ
Начальный элемент ввода Тянь Инчжан
790 #1 - ИМЯ ЛИЦА - АЛЬТЕРНАТИВНАЯ ФОРМА
Начальный элемент ввода 田英章
852 ## - МЕСТОНАХОЖДЕНИЕ И ШИФР ХРАНЕНИЯ
Идентификатор организации NLR
Наименование фонда или коллекции (Sub-Location Identifier) ОЛСАА-кит.
Шифр хранения (Call Number) 4-2900
942 ## - ДОПОЛНИТЕЛЬНЫЕ ЭЛЕМЕНТЫ ЗАПИСИ (АБИС)
Тип экземпляра АБИС Книга
980 1# - КОЛЛЕКЦИЯ
Название коллекции
980 ## - КОЛЛЕКЦИЯ
Название коллекции Национальная библиография
Экземпляры
Тип экземпляра Дата поступления Источник поступления Стоимость Библиотека постоянного хранения Библиотека текущего хранения Место хранения Шифр хранения Штрих-код Статус экземпляра
Книга 30.03.2023 Обязательный экземпляр 0.00 РНБ (Московский) РНБ (Московский) Фонд литературы на языках стран Азии и Африки, групповая обработка ОЛСАА-кит. 4-2900 1-4172355  
Книга 30.03.2023 Обязательный экземпляр 0.00 РНБ (Московский) РНБ (Московский) Обменный фонд   1-4172362